| 000 | 00440nam a2200169Ia 4500 | ||
|---|---|---|---|
| 005 | 20250508155247.0 | ||
| 008 | 008 250505s9999 xx 000 0 eng d | ||
| 037 | _aBooks to be hide in OPAC | ||
| 040 |
_aFEDL _beng _cFEDL |
||
| 041 |
_aeng _2eng |
||
| 084 | _qFEDL | ||
| 245 | 0 | _aEuropean school kindergarten examiniation: Report for the year 1939 | |
| 260 | _c1940 | ||
| 300 | _a48p. | ||
| 942 | _cHB | ||
| 999 |
_c1355584 _d1355584 |
||